<?xml version="1.0" encoding="UTF-8"?>
<record
    xmlns:xsi="http://www.w3.org/2001/XMLSchema-instance"
    xsi:schemaLocation="http://www.loc.gov/MARC21/slim http://www.loc.gov/standards/marcxml/schema/MARC21slim.xsd"
    xmlns="http://www.loc.gov/MARC21/slim">

  <leader>01140nam a22002417a 4500</leader>
  <controlfield tag="001">BRCA_9280</controlfield>
  <controlfield tag="003">FranzMayer</controlfield>
  <controlfield tag="005">20230721125145.0</controlfield>
  <controlfield tag="008">230721b        |||||||| |||| 00| 0 eng d</controlfield>
  <datafield tag="040" ind1=" " ind2=" ">
    <subfield code="a">MFM</subfield>
    <subfield code="b">esp</subfield>
    <subfield code="c">MFM</subfield>
  </datafield>
  <datafield tag="050" ind1=" " ind2="4">
    <subfield code="a">LE-49</subfield>
    <subfield code="b">A97 1733</subfield>
  </datafield>
  <datafield tag="082" ind1=" " ind2=" ">
    <subfield code="2">K117.N3</subfield>
  </datafield>
  <datafield tag="100" ind1="1" ind2=" ">
    <subfield code="4">Autor</subfield>
    <subfield code="a">Aurelii, Iosephi</subfield>
    <subfield code="9">28901</subfield>
  </datafield>
  <datafield tag="240" ind1="1" ind2=" ">
    <subfield code="a">Advocati neapolitani RespublicaIurisconsultorum </subfield>
    <subfield code="h">Editio altera ad exemplar neapolitanum expressa aedit Frederici Ottonis Menckenii, lipsiensis, ad autorem ep&#xED;stola</subfield>
    <subfield code="l">Lat&#xED;n</subfield>
  </datafield>
  <datafield tag="245" ind1="0" ind2=" ">
    <subfield code="a">Advocati neapolitani RespublicaIurisconsultorum </subfield>
    <subfield code="b">Editio altera ad exemplar neapolitanum expressa aedit Frederici Ottonis Menckenii, lipsiensis, ad autorem ep&#xED;stola</subfield>
  </datafield>
  <datafield tag="260" ind1=" " ind2=" ">
    <subfield code="a">N&#xE1;poles</subfield>
    <subfield code="b">Lipsiae</subfield>
    <subfield code="c">1733</subfield>
  </datafield>
  <datafield tag="300" ind1=" " ind2=" ">
    <subfield code="a">444 p</subfield>
    <subfield code="c">18 cm</subfield>
  </datafield>
  <datafield tag="500" ind1=" " ind2=" ">
    <subfield code="a">El libro contiene marcas en la primer p&#xE1;gina en blanco hechas con tinta</subfield>
  </datafield>
  <datafield tag="505" ind1=" " ind2=" ">
    <subfield code="a">Texto en: lat&#xED;nDirigido a: Abogados, jueces, historiadores, historiadores de Italia y N&#xE1;polesIncluye &#xED;ndice tem&#xE1;tico</subfield>
  </datafield>
  <datafield tag="650" ind1="1" ind2=" ">
    <subfield code="2">Sistema de leyes</subfield>
    <subfield code="a">Documentos legales</subfield>
    <subfield code="v">Constituci&#xF3;n</subfield>
    <subfield code="9">28902</subfield>
  </datafield>
  <datafield tag="651" ind1="2" ind2=" ">
    <subfield code="2">Leyes europeas</subfield>
    <subfield code="a">Italia</subfield>
    <subfield code="v">N&#xE1;poles</subfield>
    <subfield code="9">28903</subfield>
  </datafield>
  <datafield tag="942" ind1=" " ind2=" ">
    <subfield code="2">lcc</subfield>
    <subfield code="c">B</subfield>
  </datafield>
  <datafield tag="999" ind1=" " ind2=" ">
    <subfield code="c">10899</subfield>
    <subfield code="d">10899</subfield>
  </datafield>
  <datafield tag="952" ind1=" " ind2=" ">
    <subfield code="0">0</subfield>
    <subfield code="1">0</subfield>
    <subfield code="2">lcc</subfield>
    <subfield code="4">0</subfield>
    <subfield code="7">0</subfield>
    <subfield code="8">CFM</subfield>
    <subfield code="a">BRCA</subfield>
    <subfield code="b">BRCA</subfield>
    <subfield code="d">2023-07-21</subfield>
    <subfield code="e">Donaci&#xF3;n</subfield>
    <subfield code="l">0</subfield>
    <subfield code="o">LE49 A97 1733</subfield>
    <subfield code="p">CFM00516</subfield>
    <subfield code="r">2023-07-21 00:00:00</subfield>
    <subfield code="w">2023-07-21</subfield>
    <subfield code="y">B</subfield>
  </datafield>
</record>
